nombres premiers puissance 5 - Statistiques

Statistiques générales
  • Ce quiz a été pris 31 fois
  • Le résultat moyen est 3 sur 25
Statistiques - réponses
Hint Réponse % Correct
2 32
83%
3 243
58%
5 3125
58%
7 16807
25%
17 1419857
17%
11 161051
17%
13 371293
17%
19 2476099
8%
41 115856201
0%
67 1350125107
0%
43 147008443
0%
71 1804229351
0%
29 20511149
0%
73 2073071593
0%
47 229345007
0%
31 28629151
0%
79 3077056399
0%
83 3939040643
0%
53 418195493
0%
89 5584059449
0%
23 6436343
0%
37 69343957
0%
59 714924299
0%
61 844596301
0%
97 8587340257
0%
Aucun quiz correspondant
Distribution des résultats
% des personnes avec chaque résultat
Percentile par nombre de réponses
Votre historique - résultats
Vous n’avez pas pris ce quiz